000 00546nam a2200193 ar4500
001 5162
005 20221127091111.0
008 200109s ||| 00010|eng d
020 _a9781292057125 (pbk)
_cSR 220
082 0 4 _a530 G285 2016
100 1 _aGiancoli, Douglas C.
245 1 0 _aPhysics : principles with applications /
_cDouglas C. Giancoli
250 _a7th.ed.
260 _aHarlow. England
_bPearson
_c2016
300 _a983 pgs
_bill.col.
_c26.5 cm
500 _aIncludes index
650 4 _aPhysics
700 0 _aDouglas C. Giancoli
999 _c5160
_d5160